This is not the real world / Anna Carey.
Available copies
- 2 of 2 copies available at LARL/NWRL Consortium.
Current holds
0 current holds with 2 total copies.
Show Only Available Copies
| Location | Call Number / Copy Notes | Barcode | Shelving Location | Status | Due Date |
|---|---|---|---|---|---|
| Barnesville Public Library | Y CAR (Text) | 33500013632088 | Main | Available | - |
| Detroit Lakes Public Library | Y CAR (Text) | 33500013632096 | Main | Available | - |
Record details
- ISBN: 9781683692812
- ISBN: 1683692810
- Physical Description: 283 pages ; 23 cm
- Publisher: Philadelphia : Quirk Books, [2022]
- Copyright: ©2022
Content descriptions
| Summary, etc.: | "After months of living in the outside world, Jess ... Read More |
| Target Audience Note: | Ages 14 and up. Quirk Books. |
Search for related items by subject
| Subject: | Reality television programs > Juvenile fiction. Secrecy > Juvenile fiction. Families > Juvenile fiction. Reality television programs > Fiction. Secrets > Fiction. Family life > Fiction. |
| Genre: | Young adult fiction. Fictional Work Novels. Novels. |
Search for related items by series
| LDR | 02095cam a22005538i 4500 | ||
|---|---|---|---|
| 001 | 393506 | ||
| 003 | LARL_NWRL_CONSORTIUM | ||
| 005 | 20220719211123.0 | ||
| 008 | 211201t20222022pau d 000 1 eng | ||
| 010 | . | ‡a 2021053545 | |
| 040 | . | ‡aDLC ‡beng ‡erda ‡cDLC ‡dOCLCF ‡dOCLCO ‡dLJW ‡dGO6 ‡dVYG ‡dUKMGB | |
| 015 | . | ‡aGBC296018 ‡2bnb | |
| 016 | 7 | . | ‡a020628797 ‡2Uk |
| 020 | . | ‡a9781683692812 ‡q(hardcover) | |
| 020 | . | ‡a1683692810 ‡q(hardcover) | |
| 020 | . | ‡z9781683692829 ‡q(ebook) | |
| 035 | . | ‡a(OCoLC)1263339412 | |
| 042 | . | ‡apcc ‡alcac | |
| 082 | 0 | 0. | ‡a[Fic] ‡223 |
| 100 | 1 | . | ‡aCarey, Anna, ‡eauthor. |
| 245 | 1 | 0. | ‡aThis is not the real world / ‡cAnna Carey. |
| 264 | 1. | ‡aPhiladelphia : ‡bQuirk Books, ‡c[2022] | |
| 264 | 4. | ‡c©2022 | |
| 300 | . | ‡a283 pages ; ‡c23 cm | |
| 336 | . | ‡atext ‡btxt ‡2rdacontent | |
| 337 | . | ‡aunmediated ‡bn ‡2rdamedia | |
| 338 | . | ‡avolume ‡bnc ‡2rdacarrier | |
| 490 | 0 | . | ‡aThis is not the Jess show ; ‡v2 |
| 521 | . | ‡aAges 14 and up. ‡bQuirk Books. | |
| 520 | . | ‡a"After months of living in the outside world, Jess Flynn returns to the reality show she was unknowingly trapped in for most of her life to expose the dark truth about the production company behind the show"-- ‡cProvided by publisher. | |
| 650 | 0. | ‡aReality television programs ‡vJuvenile fiction. | |
| 650 | 0. | ‡aSecrecy ‡vJuvenile fiction. ‡0(LARL_NWRL_CONSORTIUM)174888 | |
| 650 | 0. | ‡aFamilies ‡vJuvenile fiction. ‡0(LARL_NWRL_CONSORTIUM)164956 | |
| 650 | 1. | ‡aReality television programs ‡vFiction. ‡0(LARL_NWRL_CONSORTIUM)167069 | |
| 650 | 1. | ‡aSecrets ‡vFiction. | |
| 650 | 1. | ‡aFamily life ‡vFiction. | |
| 655 | 0. | ‡aYoung adult fiction. | |
| 655 | 2. | ‡aFictional Work | |
| 655 | 7. | ‡aNovels. ‡2fast | |
| 655 | 7. | ‡aNovels. ‡2lcgft | |
| 700 | 1 | . | ‡iSequel to: ‡aCarey, Anna. ‡tThis is not the Jess Show. |
| 776 | 0 | 8. | ‡iOnline version: ‡aCarey, Anna. ‡tThis is not the real world. ‡dPhiladelphia : Quirk Books, [2022] ‡z9781683692829 ‡w(DLC) 2021053546 |
| 905 | . | ‡uvanderl | |
| 901 | . | ‡a393506 ‡b ‡c393506 ‡tbiblio ‡soclc | |

Add to basket
Permalink
Disable Highlighting